00282nam a2200121Ia 4500008004100000100000900041245003200050260003400082300000900116650001300125942000700138999001500145190216s9999||||xx |||||||||||||| ||und|| aNull 0aProblems Of The Third World b"Progress Publishers, Moscow" a239p aCommerce cBK c4428d4428